=LDR 00000nam 2200000 4500 =001 INLIS000000000048655 =005 20161207080347.0 =006 =007 =008 =020 ##$$a 978-602-1243-22-0 =035 ##$$0010-121600000000041 =040 ##$$a NBPDMAT =082 ##$$a 808.5 =090 ##$$a 808.5$bFar m =100 ##$$a Farvin Sabilla Matin =245 ##$$a Mahfuzhat pidato 8 percakapan sehari-hari 3 bahasa : Arab - Inggris - Indonesia $c / Farvin Sabila Matin =260 ##$$a Solo $b Fatihah Publishing $c 2016 =300 ##$$a 202 hlm. : $c 21 cm =500 ##$$a Biografi : hlm. 200 =500 ##$$a Bibliografi : hlm. 201 =650 ##$$a Pidato =850 ##$$a NBPDMAT =990 ##$$a 21600890 =990 ##$$a 21600891 =990 ##$$a 21600892 =990 ##$$a 21600893 =990 ##$$a 21600894 =990 ##$$a 0001/BPAP-NTB/2016 =990 ##$$a 0001/BPAP-NTB/2016 =990 ##$$a 0001/BPAP-NTB/2016 =990 ##$$a 0001/BPAP-NTB/2016 =990 ##$$a 0001/BPAP-NTB/2016